00438nam a2200133Ia 4500100001800000942000700018366000700025245004100032260004600073300000800119546001200127999001700139952014800156 aVIDVANS M.S.  cBK f50 aRAMABAI RANADE VYKTITVA AND KARTUTVA bRAJYA MARATHI VIKAS SANSTHAaMumbaic2001 a170 aMARATHI c19191d19191 001040708AFTaCRCEbCRCEd2023-03-17eRAJYA MARATHI VIKAS SANSTHAg27.50i10775 INDENT NO.l0o pAFT8275r2023-03-17v55.00w0000-00-00yBK